Quizzes
Events
Quiz Creation
Community
Videos
Private Events
Remove Ads
Sign In
Join for FREE
Feedback
Dark Mode
Quiz Categories
Sports
Geography
Music
Movies
Television
Just For Fun
Miscellaneous
History
Literature
Language
Science
Gaming
Entertainment
Religion
Holiday
For Kids
Quiz Lab
Recent
Popular Today
Quiz Kudos Today
Editor Picks
Curator Picks
Quizzes by...
Day
Popularity
Type
Ratings
Length
Year
Community
Subscriptions
Recent Discussions
Orange Saloon
Badges
Playlists
Quests
Create
Leaderboards
Showdown
Live 5
Trivia Bingo
Activity
Puzzle Library
Sporcle Events
Private Events
Virtual Trivia
Globe League
Become a Host
Pub Owners
SporcleCon
Opinionation
Our Games
Videos
Blog
Mobile Apps
Partnerships
Remove Ads and Go Orange
Feedback
Sports
Athletes
MLB
NBA
NHL
NFL
Soccer
Sports Teams
WWE
NCAA
Football
Premier League
Basketball
Baseball
Hockey
Golf
Tennis
Cricket
Rugby
Auto Racing
Olympics
World Cup
Sports
Athletes
MLB
NBA
NHL
NFL
Soccer
Sports Teams
WWE
NCAA
Football
Premier League
Basketball
Baseball
Hockey
Golf
Tennis
Cricket
Rugby
Auto Racing
Olympics
World Cup
Random Quiz
Search Sporcle
×
Quiz Lab
Quiz Lab
Sports
Squad
Type in answers that appear in a list
Type in answers that appear in a list
Classic
Best Score? Go Orange.
Benfica squads in the 90`s Stats
Can you name the Benfica squads in the 90`s
By
Twinpeaks
6m
110 Questions
372 Plays
372 Plays
372 Plays
Comments
Comments
Give Quiz Kudos
Give Quiz Kudos
-
- Ratings
hide this ad
Replay
Link that replays current quiz
Next Quiz
Link to next quiz in quiz playlist
You Got
0%
They Got
Avg Score
59%
Avg Friend Score
Upgrade to see
Score Distribution
Jump to the score distribution portion of the page
Score
0/110
Timer
06:00
0
Plays Today
Hint
Answer
% Correct
1992/
93
Joao Pinto
95.2%
1993/
94
Joao Pinto
95.2%
1994/
95
Joao Pinto
95.2%
1995/
96
Joao Pinto
95.2%
1996/
97
Joao Pinto
95.2%
1997/
98
Joao Pinto
95.2%
1998/
99
Joao Pinto
95.2%
1999/
2000
Joao Pinto
95.2%
1994/
95
Michel Preud`homme
92.5%
1995/
96
Michel Preud`homme
92.5%
1996/
97
Michel Preud`homme
92.5%
1997/
98
Michel Preud`homme
92.5%
1993/
94
Rui Costa
89.5%
1990/
91
Ricardo Gomes
87.6%
1995/
96
Ricardo Gomes
87.6%
1997/
98
Nuno Gomes
87.4%
1998/
99
Nuno Gomes
87.4%
1999/
2000
Nuno Gomes
87.4%
1990/
91
Veloso
80.4%
1991/
92
Veloso
80.4%
1992/
93
Veloso
80.4%
1993/
94
Veloso
80.4%
1994/
95
Veloso
80.4%
1993/
94
Neno
78%
1992/
93
Mozer
77.7%
1993/
94
Mozer
77.7%
1994/
95
Mozer
77.7%
1991/
92
Paulo Sousa
75.3%
1992/
93
Paulo Sousa
75.3%
1990/
91
Isaias
74.7%
1991/
92
Isaias
74.7%
1992/
93
Isaias
74.7%
1993/
94
Isaias
74.7%
1993/
94
Helder
73.7%
1995/
96
Helder
73.7%
1990/
91
Silvino
72.3%
1991/
92
Silvino
72.3%
Hint
Answer
% Correct
1992/
93
Silvino
72.3%
1999/
2000
Robert Enke
72%
1990/
91
Vitor Paneira
70.4%
1991/
92
Vitor Paneira
70.4%
1992/
93
Vitor Paneira
70.4%
1993/
94
Vitor Paneira
70.4%
1994/
95
Vitor Paneira
70.4%
1991/
92
Paulo Madeira
68.8%
1994/
95
Paulo Madeira
68.8%
1998/
99
Paulo Madeira
68.8%
1999/
2000
Paulo Madeira
68.8%
1992/
93
Abel Xavier
67.5%
1993/
94
Abel Xavier
67.5%
1991/
92
Rui Aguas
64.8%
1995/
96
Calado
64.5%
1996/
97
Calado
64.5%
1997/
98
Calado
64.5%
1999/
2000
Calado
64.5%
1997/
98
Sousa
64%
1998/
99
Sousa
64%
1997/
98
Karel Poborsky
63.7%
1998/
99
Karel Poborsky
63.7%
1999/
2000
Karel Poborsky
63.7%
1990/
91
Magnusson
62.9%
1994/
95
Paulo Bento
62.9%
1995/
96
Paulo Bento
62.9%
1991/
92
Rui Bento
61.3%
1990/
91
Valdo
60.8%
1996/
97
Valdo
60.8%
1994/
95
Claudio Caniggia
57.5%
1992/
93
Yuran
57.3%
1993/
94
Yuran
57.3%
1994/
95
Dimas
57.3%
1995/
96
Dimas
57.3%
1990/
91
Thern
56.7%
1991/
92
Thern
56.7%
1992/
93
Kulkov
54%
Hint
Answer
% Correct
1998/
99
Scott Minto
51.6%
1998/
99
Mark Pembridge
47.8%
1998/
99
Michael Thomas
45.7%
1997/
98
Brian Deane
44.1%
1994/
95
Nelo
39.8%
1990/
91
Schwartz
38.4%
1991/
92
Schwartz
38.4%
1993/
94
Schwartz
38.4%
1991/
92
William
37.9%
1992/
93
William
37.9%
1997/
98
Luis Carlos
34.7%
1997/
98
Carlos Gamarra
32.5%
1998/
99
Hugo Leal
30.4%
1990/
91
Samuel
28%
1996/
97
Jorge Bermudez
27.2%
1994/
95
Edilson
26.6%
1998/
99
Ovchinnikov
26.3%
1996/
97
Amaral
26.1%
1996/
97
Martin Pringle
26.1%
1995/
96
Nica Panduru
25%
1999/
2000
Sabry
25%
1990/
91
Fernando Mendes
24.5%
1996/
97
Ronaldo Guiaro
22.3%
1997/
98
Ronaldo Guiaro
22.3%
1998/
99
Ronaldo Guiaro
22.3%
1999/
2000
Ronaldo Guiaro
22.3%
1999/
2000
Ricardo Rojas
21.8%
1995/
96
Marcelo
21.2%
1996/
97
Tahar El-Khalej
21.2%
1995/
96
Bruno Caires
19.4%
1995/
96
Edgar
18.5%
1996/
97
Edgar
18.5%
1997/
98
El Hadrioui
18.3%
1999/
2000
Andrade
18.3%
1996/
97
Pedro Henriques
16.7%
1999/
2000
Samuel Okunowo
12.6%
Quiz Playlist
Details
Report
Send in Message
Add To Playlist
Classic:
Type in answers that appear in a list
Last Updated: Feb 16, 2017
Quiz Scoreboard
CHALLENGE
Sign Up to Join the Scoreboard
Show All
Scores
Hide
Comments
May contain spoilers
Recently Published
College Basketball Coaching Resumes
by pancakes188
Sports
9m
Billboard Blitz: Fleetwood Mac
by CooCooCachoo
Music
15s
Presidents Visiting Landmarks
by Hejman
History
7m
More to Explore
Quiz From the Vault
Featured Blog Post
Where Did the Easter Bunny Come From?
hide this ad
You Might Also Like...
Tags
Squad
Today's Top Quizzes in Sports
Browse Sports
hide this ad
Today's Top Quizzes in Squad
Browse Squad
Top Contributed Quizzes in Sports
1
2022 World Cup Stars
2
Les meilleurs buteurs des matchs entre le PSG et l’OM
3
FIFA Club World Cup Champions
4
Les entraîneurs de l'OM et du PSG au 21e siècle
5
Criteria MLB: Left Handed Sluggers
6
AFC Teams Reveal (Wrong Answers Minefield)
7
2023 MLB Unique Player Accomplishments
8
Players with Multiple 50 Home Run Seasons
9
5-to-1: FBS Animal Nicknames
10
5-to-1: UK Sports Teams
Explore More
Trending Topics
Kpop
Marvel
Harry Potter
Anime
Disney
NBA
Crossword
NFL
The Office
Puzzle
Song
Soccer
Country
WWE
Pokémon
hide this ad
More By:
Twinpeaks
Quiz
Plays
Rating
Category
Featured
Created
Benfica squads in the 90`s
372
2.50
Sports
Feb 19, 2014
FC Porto 1-11 since 2000
263
5.00
Sports
Feb 18, 2014
FC Porto squads in the 90`s
186
Sports
Feb 18, 2014
Relegated from the Portuguese League
66
3.00
Sports
Mar 16, 2021
Go to Creator's Profile
Score Distribution
Quiz Creator Spotlight
Twinpeaks
Follow
Send a Message
Quizzes Created
-
Created Quiz Play Count
-
More By This Creator
Popular Quizzes Today
1
Find the US States - No Outlines Minefield
2
Find the Countries of Europe - No Outlines Minefield
3
The Countries of the World
4
Find the US States
5
Risky Map Clicking: Biggest States A-Z
6
US States
7
Popular People in 1961
8
Movies - When Are They Set?
More Sports Quizzes
Forbes' Highest-Paid Athletes (2020)
Quiz Lab
Trending Quizzes
Risky Map Clicking: Least Populous States A-Z
1-10 Letter G Words
1-10 Letter F Words
Risky Map Clicking: Next State Alphabetically
Risky Map Clicking: Biggest States A-Z
Recently Updated
Leaping Animals
pecheneg
Reality TV Shows (A-Z)
bhenderson79
Rickey Henderson's Hall of Fame Teammates
pecheneg
Champions League XIs: Arsenal
pecheneg
Quick Pick: Celebrities in WWE's Hall of Fame
aduchscher
A-Z Keypad Blitz II
pecheneg
Multiple Oscar Actors
pecheneg
Mystery Phrase Blitz: Oscar 'Best Actors'
pecheneg
F. Scott Fitzgerald Novels
LTH
Pick 3 Villains
ddd62291
Trending Topics
Crossword
NBA
Anime
Kpop
Disney
Marvel
Harry Potter
Soccer
WWE
Country
Song
Pokémon
Puzzle
NFL
The Office
Your Account Isn't Verified!
In order to create a playlist on Sporcle, you need to verify the email address you used during registration. Go to your
Sporcle Settings
to finish the process.
Report this User
Report this user for behavior that violates our
Community Guidelines
.
Details:
Send Report
Go to the Sporcle.com Mobile Site →
Comments